LIBRARY & INFORMATION CENTRE, KCAET, TAVANUR

ONLINE PUBLIC ACCESS CATALOGUE (OPAC)

Environmental engineering / (Record no. 10115)

MARC details
000 -LEADER
fixed length control field 00430cam a2200169ua 4500
003 - CONTROL NUMBER IDENTIFIER
control field OSt
008 - FIXED-LENGTH DATA ELEMENTS--GENERAL INFORMATION
fixed length control field 250823b |||||||| |||| 00| 0 eng d
041 ## - LANGUAGE CODE
Language code of text/sound track or separate title eng
082 ## - DEWEY DECIMAL CLASSIFICATION NUMBER
Classification number 628
Item number KAM/EN
100 ## - MAIN ENTRY--AUTHOR NAME
Personal name Kamala, A.
245 ## - TITLE STATEMENT
Title Environmental engineering /
250 ## - EDITION STATEMENT
Edition statement 1 /
260 ## - PUBLICATION, DISTRIBUTION, ETC. (IMPRINT)
Place of publication New Delhi :
Name of publisher Tata Mc-Graw Hill Publishing Company ,
Year of publication 1989.
300 ## - PHYSICAL DESCRIPTION
Number of Pages 271 ; .
700 1# - ADDED ENTRY--PERSONAL NAME
Personal name Kanthrao, D L .
942 ## - ADDED ENTRY ELEMENTS (KOHA)
Koha item type Books
Holdings
Withdrawn status Lost status Damaged status Home library Current library Date acquired Full call number Accession Number Koha item type
      KAUAET KAUAET 07/04/2012 628 KAM/EN 16864 Books
      KAUAET KAUAET 07/04/2012 628 KAM/EN 19226 Books
free website counter